000 01009nam a22002657a 4500
001 ENG-90649
005 20080723133336.0
008 080801t xxu||||| |||| 00| 0 eng d
010 _aENG-90649
020 _a9788178299242
_c495.00
035 _aEN-74182
037 _bDBAD / PUB
040 _aDPL
082 _a150.198
100 _aSnyder, C.R.
245 _aPositive psychology :
_bthe scientific and practical explorations of human strengths /
_cby C.R. Snyder & Shane J. Lopez
260 _aNew Delhi
_bSAGE Publications India
_c2008.
300 _axxv, 598p.
_c24 cm.(pbk)
500 _aIncludes bibliographical references and index.
650 _aPositive psychology.
700 _aLopez, Shane J.
942 _2ddc
_cEN
_h150.198
_mSNY
999 _c14699
_d14699